[Event "Tournoi Skype 030B"]
[Site "Skype"]
[Date "????.??.??"]
[Round "4.5"]
[White "Wenckstern, Roberto"]
[Black "Battaglia, Gabriele"]
[Result "0-1"]
[WhiteElo "1000"]
[BlackElo "1271"]
[PlyCount "56"]

1. c4 Nf6 2. d4 d6 3. Nf3 g6 4. Nc3 Bg7 5. d5 O-O 6. e4 Nbd7 7. Bd3 Nc5 8. e5
Nxd3+ 9. Qxd3 Bf5 10. Qe2 Ng4 11. Ne4 Nxe5 12. Nxe5 Bxe5 13. Bd2 b6 14. O-O-O
Rc8 15. Bc3 Bf4+ 16. Bd2 Be5 17. Ng3 Qd7 18. Nxf5 Qxf5 19. f4 Bf6 20. g4 Qd7
21. f5 Qa4 22. g5 Be5 23. Kb1 c6 24. Rc1 cxd5 25. cxd5 Rc5 26. Rhf1 Rfc8 27. f6
Rc2 28. fxe7 Rxb2+ 0-1

[Event "Tournoi Skype 030B"]
[Site "Skype"]
[Date "????.??.??"]
[Round "4.6"]
[White "Nicolini, Francesco"]
[Black "Herrera, Oscar"]
[Result "0-1"]
[WhiteElo "1176"]
[BlackElo "1126"]
[PlyCount "70"]

1. Nf3 Nc6 2. g3 d6 3. Bg2 e5 4. d3 h6 5. b3 Nf6 6. Bb2 Be7 7. Nbd2 a6 8. h4
Be6 9. Nh2 Qd7 10. Ne4 Bh3 11. Bf3 Be6 12. Qd2 O-O-O 13. Qc3 Nd5 14. Qd2 Nd4
15. Bxd4 exd4 16. Qc1 f5 17. Nd2 Bf6 18. Bxd5 Bxd5 19. Rg1 Rhe8 20. Ndf3 Qe6
21. Qd2 Re7 22. Kd1 Rde8 23. Re1 Qd7 24. Kc1 Qc6 25. Rb1 g6 26. a3 g5 27. hxg5
hxg5 28. Kb2 Qb6 29. Nxg5 Qc6 30. f4 Re3 31. Nf1 R3e7 32. Ka2 Bg2 33. Rbc1 Bxf1
34. Rxf1 Rxe2 35. Qd1 Qc3 0-1

[Event "Tournoi Skype 030B"]
[Site "Skype"]
[Date "????.??.??"]
[Round "4.8"]
[White "Moraga Vasquez, Michael"]
[Black "Lognos, Lina"]
[Result "0-1"]
[WhiteElo "1206"]
[BlackElo "1023"]
[PlyCount "46"]

1. e4 c5 2. Nf3 Nc6 3. d3 d6 4. g3 Nf6 5. Bg2 g6 6. O-O Bg7 7. c3 O-O 8. Re1
Bg4 9. h3 Bd7 10. d4 cxd4 11. cxd4 Qc8 12. e5 Nd5 13. Nh4 Nc7 14. Kh2 dxe5 15.
Bxc6 bxc6 16. dxe5 Bxh3 17. Bf4 Rd8 18. Qe2 Ne6 19. Be3 Bxe5 20. Nf3 Bg4 21.
Bxa7 Rxa7 22. Qxe5 Bxf3 23. Nc3 Qb8 0-1

[Event "Tournoi Skype 030B"]
[Site "Skype"]
[Date "????.??.??"]
[Round "4.10"]
[White "Franca, Adilson Mendes"]
[Black "Balci Gungor, Ayca"]
[Result "0-1"]
[WhiteElo "1147"]
[BlackElo "1019"]
[PlyCount "88"]

1. e4 e5 2. Nf3 Nc6 3. d4 d6 4. d5 Nce7 5. Bg5 h6 6. Bh4 Bg4 7. Be2 Qd7 8. Nfd2
Bxe2 9. Qxe2 Ng6 10. Nf3 Be7 11. Bxe7 Qxe7 12. h3 Nf4 13. Qb5+ Qd7 14. Qxd7+
Kxd7 15. g3 Ng6 16. O-O Nf6 17. Nbd2 Rae8 18. Rfe1 Kc8 19. Nc4 Ne7 20. Na5 g5
21. b4 g4 22. hxg4 Nxg4 23. b5 f5 24. exf5 Nxf5 25. Nh2 Rhg8 26. Re4 h5 27. Kg2
Nf6 28. Rb4 Nxd5 29. Rc4 Nf4+ 30. Kf3 Nd5 31. Rh4 Nxh4+ 32. gxh4 e4+ 33. Ke2 e3
34. f3 Rg2+ 35. Kd3 Rxh2 36. Kd4 Rd2+ 37. Kc4 e2 38. Nb3 Rd1 39. Rxd1 exd1=Q
40. c3 Ne3+ 41. Kb4 Nc2+ 42. Kc4 d5+ 43. Kc5 b6+ 44. Kc6 Re6# 0-1

[Event "Tournoi Skype 030B"]
[Site "Skype"]
[Date "????.??.??"]
[Round "4.12"]
[White "Gomez Caballero, Blas"]
[Black "Scata, Laura"]
[Result "0-1"]
[WhiteElo "1133"]
[BlackElo "1366"]
[PlyCount "92"]

1. d4 c6 2. e4 d5 3. e5 Bf5 4. Bd3 Bxd3 5. Qxd3 e6 6. a3 c5 7. Be3 cxd4 8. Bxd4
Nc6 9. Nf3 Nge7 10. O-O Ng6 11. Qe3 a6 12. Nc3 Be7 13. Bb6 Qb8 14. Rad1 O-O 15.
Rfe1 Bd8 16. Bc5 Be7 17. Bxe7 Ngxe7 18. Qg5 h6 19. Qg4 Ng6 20. Na4 Ngxe5 21.
Nxe5 Nxe5 22. Qd4 Nc6 23. Qb6 Re8 24. Nc5 Re7 25. Rd3 Qc7 26. Qxc7 Rxc7 27. Rb3
Na5 28. Nxe6 fxe6 29. Rc3 Rxc3 30. bxc3 Kf7 31. f4 Rc8 32. Re3 Nc4 33. Rd3 Nxa3
34. Rd4 Nxc2 35. Rd3 a5 36. c4 Rxc4 37. Rb3 Nb4 38. g3 a4 39. Re3 d4 40. Re5 a3
41. Ra5 a2 42. Ra7 Rc7 43. Ra4 Rc1+ 44. Kf2 a1=Q 45. Rxb4 Rc2+ 46. Kf3 Qa3+ 0-1

[Event "Tournoi Skype 030B"]
[Site "Skype"]
[Date "????.??.??"]
[Round "4.13"]
[White "Khabou, Taha"]
[Black "De Coninck, Philippe"]
[Result "1-0"]
[WhiteElo "1358"]
[BlackElo "1173"]
[PlyCount "41"]

1. d4 e5 2. dxe5 Nc6 3. Nf3 Qe7 4. Bg5 Qb4+ 5. Nc3 Be7 6. a3 Qxb2 7. Bd2 Bd8 8.
e3 Nge7 9. Bc4 Nxe5 10. Nxe5 Qb6 11. Bxf7+ Kf8 12. Qf3 Qf6 13. Bb3 Qxf3 14.
Nxf3 Ng6 15. Ne4 h6 16. Bc3 d6 17. O-O Bf5 18. Ng3 Bd7 19. Nh5 Rh7 20. Bd5 c6
21. Be4 1-0

[Event "Tournoi Skype 030B"]
[Site "Skype"]
[Date "????.??.??"]
[Round "4.14"]
[White "Duthoit, Bernard"]
[Black "Parrales, Rodolfo"]
[Result "0-1"]
[WhiteElo "1333"]
[BlackElo "1146"]
[PlyCount "68"]

1. e4 e5 2. Nf3 Nf6 3. Nc3 Nc6 4. d4 exd4 5. Nxd4 Bb4 6. Nxc6 Bxc3+ 7. bxc3
bxc6 8. Bd3 O-O 9. Bg5 Qe7 10. Qf3 Qe5 11. Bxf6 Qxf6 12. Qxf6 gxf6 13. Rb1 d5
14. O-O dxe4 15. Bxe4 Ba6 16. Rfe1 Bb5 17. Rb4 a5 18. Rd4 Rad8 19. Red1 Rxd4
20. cxd4 Re8 21. c3 Rxe4 22. Rc1 Bc4 23. f3 Re2 24. Rb1 Rxa2 25. Rb7 a4 26.
Rxc7 Bd5 27. c4 Bxc4 28. Rxc6 Bb3 29. Rd6 Rd2 30. h4 a3 31. h5 Kg7 32. h6+ Kg6
33. Rb6 a2 34. Ra6 Rd1+ 0-1

[Event "Tournoi Skype 030B"]
[Site "Skype"]
[Date "????.??.??"]
[Round "4.15"]
[White "Yanez, Leticia Jorgelina"]
[Black "Hargez, Dany"]
[Result "0-1"]
[WhiteElo "1120"]
[BlackElo "1296"]
[PlyCount "146"]

1. e4 e5 2. Nf3 Nc6 3. Bc4 Nf6 4. d4 Nxe4 5. Be3 Bb4+ 6. c3 Be7 7. Qd3 d5 8.
Bb3 O-O 9. Bc2 Bf5 10. Nbd2 Nd6 11. Qe2 Bxc2 12. dxe5 Nf5 13. Bf4 Be4 14. Nxe4
dxe4 15. Qxe4 Nh4 16. Rd1 Nxg2+ 17. Ke2 Nxf4+ 18. Qxf4 Qe8 19. h4 Bf6 20. Rhg1
Nxe5 21. Nxe5 Bxe5 22. Qe3 Qb5+ 23. Rd3 Qxb2+ 24. Kf3 Rae8 25. Rgd1 Bd6 26. Qd2
Qb6 27. Rg1 Qc6+ 28. Rd5 Qd7 29. Qh6 f6 30. Rh5 Qc6+ 31. Kg4 gxh6 32. Kf5+ Kh8
33. Rxh6 Qg2 34. Rxg2 Re5+ 35. Kf4 Rh5+ 36. Kg4 Rxh6 37. f4 Rg8+ 38. Kh3 Rxg2
39. Kxg2 Rxh4 40. Kg3 Rxf4 41. Kg2 h5 42. c4 Rxc4 43. a4 h4 44. a5 f5 45. a6 b6
46. Kh3 f4 47. Kxh4 f3+ 48. Kh3 f2 49. Kg2 Bc5 50. Kf1 Rc1+ 51. Ke2 f1=Q+ 52.
Kd2 Rd1+ 53. Kc3 Qf3+ 54. Kc4 Rc1+ 55. Kb5 Qc6+ 56. Kxc6 Be3+ 57. Kb7 b5 58.
Kc8 b4 59. Kb7 b3 60. Kc8 b2 61. Kb7 b1=Q+ 62. Kc8 c5 63. Kc7 c4 64. Kd6 Qb6+
65. Ke5 Qd4+ 66. Kf5 Qf4+ 67. Ke6 Rf1 68. Kd5 Qd4+ 69. Ke6 Rf6+ 70. Ke7 Qe5+
71. Kd7 Qe6+ 72. Kc7 Rf7+ 73. Kd8 Qd7# 0-1

[Event "Tournoi Skype 030B"]
[Site "Skype"]
[Date "????.??.??"]
[Round "4.16"]
[White "Ponz Lazaro, Ruperto"]
[Black "Rivalta, Paolo"]
[Result "1-0"]
[WhiteElo "1285"]
[BlackElo "1142"]
[PlyCount "57"]

1. d4 Nf6 2. Nf3 d5 3. Bf4 Bf5 4. e3 e6 5. Ne5 c5 6. g4 Bg6 7. h4 h5 8. Nxg6
fxg6 9. Bd3 Ne4 10. f3 c4 11. Bxe4 dxe4 12. fxe4 Be7 13. g5 Nd7 14. Qe2 b5 15.
a3 Qa5+ 16. c3 b4 17. Qxc4 bxc3 18. Nxc3 Kf7 19. Qa4 Qd8 20. O-O Nb6 21. Qb3
Qd7 22. Rad1 Rhd8 23. d5 exd5 24. Nxd5 Qg4+ 25. Kf2 Qxh4+ 26. Ke2 Qg4+ 27. Ke1
Qe6 28. Bd6+ Ke8 29. Nc7+ 1-0

[Event "Tournoi Skype 030B"]
[Site "Skype"]
[Date "????.??.??"]
[Round "4.17"]
[White "Cengiz, Ali Ekber"]
[Black "Barba Cepeda, Julio Cesar"]
[Result "0-1"]
[WhiteElo "1281"]
[BlackElo "1139"]
[PlyCount "74"]

1. e4 e5 2. Nf3 Nc6 3. Bc4 Nf6 4. d3 Bc5 5. h3 O-O 6. c3 d6 7. O-O Bd7 8. a3 a6
9. Nbd2 b5 10. Ba2 Re8 11. b4 Ba7 12. Ng5 Be6 13. Bb1 h6 14. Ngf3 d5 15. exd5
Bxd5 16. c4 Be6 17. Bb2 Bf5 18. Ne4 Bg6 19. c5 Nd4 20. a4 Nxf3+ 21. Qxf3 Nxe4
22. dxe4 Qd2 23. Bc3 Qd8 24. Ba2 c6 25. Bb3 Qg5 26. axb5 axb5 27. Ra6 Qh4 28.
Bc2 Re6 29. Rfa1 Rf6 30. Qg3 Rf4 31. Qxh4 Rxh4 32. f3 f5 33. exf5 Bf7 34. Be4
Bd5 35. Bxd5+ cxd5 36. Rxa7 Rxa7 37. Rxa7 Rc4 0-1

[Event "Tournoi Skype 030B"]
[Site "Skype"]
[Date "????.??.??"]
[Round "4.18"]
[White "Sosa, Juan Carlos"]
[Black "Reese, Evan"]
[Result "1-0"]
[WhiteElo "1276"]
[BlackElo "1107"]
[PlyCount "49"]

1. d4 d5 2. Bf4 Nf6 3. h3 e6 4. Nc3 b6 5. e3 Bb7 6. Bd3 Nbd7 7. Nf3 Bd6 8. Ne5
O-O 9. Qf3 Rb8 10. h4 Nxe5 11. dxe5 d4 12. Qg3 Nh5 13. Qg4 Nxf4 14. Qxf4 dxc3
15. exd6 cxd6 16. bxc3 Qc7 17. c4 e5 18. Qg4 e4 19. Bxe4 Qxc4 20. Bxh7+ Kh8 21.
Qxc4 d5 22. Qd3 Rbc8 23. h5 Rfd8 24. Bg6 Rd7 25. Bf5 1-0

[Event "Tournoi Skype 030B"]
[Site "Skype"]
[Date "????.??.??"]
[Round "4.20"]
[White "Crocioni, Luca"]
[Black "Le Bouill, Pierre"]
[Result "0-1"]
[WhiteElo "1119"]
[BlackElo "1260"]
[PlyCount "120"]

1. e4 d5 2. e5 d4 3. Bc4 e6 4. d3 g6 5. Nf3 Bg7 6. Bd2 c5 7. Ng5 Bh6 8. h4 Bg7
9. Qf3 Nh6 10. Bb5+ Bd7 11. Qxb7 Bc6 12. Bxc6+ Nxc6 13. Qxc6+ Kf8 14. Qxc5+ Kg8
15. Na3 Nf5 16. g3 Bf8 17. Qc6 Kg7 18. Qb7 Be7 19. Nc4 h6 20. Nxe6+ fxe6 21.
Bb4 Rb8 22. Qxe7+ Nxe7 23. Bd6 Rc8 24. g4 g5 25. h5 Nc6 26. Bc5 Na5 27. Bxa7
Nxc4 28. dxc4 Qa5+ 29. Kd1 Qxa7 30. b3 Qb7 31. Rf1 Rhf8 32. Ke2 Qf3+ 33. Ke1
Qxg4 34. Kd2 Qf4+ 35. Kd1 Qf3+ 36. Kc1 Rf4 37. Kb2 Qb7 38. Ka3 Ra8+ 39. Kb2 Qa6
40. a3 Rf3 41. a4 Qa5 42. Ka3 Qc3 43. Ra2 d3 44. cxd3 Rxd3 45. Rb1 Qxe5 46. Rc1
Qc5+ 47. Kb2 Rd2+ 48. Rc2 Rxc2+ 49. Kxc2 Qxf2+ 50. Kb1 Qf5+ 51. Kb2 g4 52. Ka3
g3 53. Kb4 Qa5+ 54. Ka3 Qxh5 55. Kb4 Rb8+ 56. Ka3 Qf3 57. Rb2 g2 58. Rxg2+ Qxg2
59. a5 Qb7 60. b4 Qxb4+ 0-1

[Event "Tournoi Skype 030B"]
[Site "Skype"]
[Date "????.??.??"]
[Round "4.21"]
[White "Hernandez Lopez, Joaquin"]
[Black "Jones, Malcolm"]
[Result "1-0"]
[WhiteElo "1061"]
[BlackElo "1240"]
[PlyCount "99"]

1. e4 d6 2. d4 Nf6 3. Nc3 Nbd7 4. Nf3 e5 5. Bg5 Be7 6. Bc4 h6 7. Bxf6 Bxf6 8.
dxe5 dxe5 9. Qd5 O-O 10. O-O-O c6 11. Qd3 b5 12. Bb3 a5 13. a3 Ra7 14. h4 Ba6
15. Qe3 Ra8 16. g4 b4 17. Na4 bxa3 18. bxa3 Qc7 19. g5 Be7 20. Kb2 g6 21. gxh6
Kh7 22. Ng5+ Bxg5 23. Qxg5 f6 24. Qg3 Kxh6 25. Rdg1 Rg8 26. Bxg8 Rxg8 27. Qe3+
Kh7 28. Nc5 Qb6+ 29. Nb3 Qxe3 30. fxe3 Rb8 31. a4 Nc5 32. Rg4 Nxa4+ 33. Ka3 Nc3
34. Rhg1 Rb4 35. Nxa5 Ra4+ 36. Kb3 Rxa5 37. Kxc3 Ra3+ 38. Kd2 Ra5 39. Rxg6 Bc4
40. Rxf6 Ra7 41. Rxc6 Rd7+ 42. Kc3 Bb5 43. Rc5 Be2 44. Rxe5 Rd6 45. Re7+ Kh6
46. Rgg7 Kh5 47. Rh7+ Rh6 48. Re5+ Kg6 49. Ree7 Rxh7 50. Re5 1-0

[Event "Tournoi Skype 030B"]
[Site "Skype"]
[Date "????.??.??"]
[Round "4.22"]
[White "Conde, Abigail"]
[Black "Mira Poveda, Jose Antonio"]
[Result "0-1"]
[WhiteElo "1234"]
[BlackElo "1117"]
[PlyCount "54"]

1. d4 d5 2. Bf4 Bf5 3. e3 e6 4. Nd2 Bd6 5. Ngf3 Bxf4 6. exf4 Nf6 7. c4 O-O 8.
Ne5 Nc6 9. c5 Nxd4 10. Bd3 c6 11. O-O Qa5 12. Nb3 Nxb3 13. axb3 Qc7 14. b4 b6
15. Rc1 a5 16. cxb6 Qd6 17. Rxc6 Qxb4 18. g3 Rfe8 19. Qc2 Ne4 20. Rd1 f6 21.
Nf3 e5 22. fxe5 Rac8 23. Ba6 Rxc6 24. Qxc6 Bg6 25. b7 Qxb2 26. Rf1 Bh5 27. Qe6+
Rxe6 0-1

[Event "Tournoi Skype 030B"]
[Site "Skype"]
[Date "????.??.??"]
[Round "4.23"]
[White "Guillen Andrinal, Pablo"]
[Black "Moumtaz, Abderrahim"]
[Result "0-1"]
[WhiteElo "1024"]
[BlackElo "1213"]
[PlyCount "84"]

1. e4 e5 2. Nf3 Nc6 3. d4 exd4 4. Nxd4 d6 5. Bc4 Nf6 6. Nxc6 bxc6 7. Nc3 Be7 8.
O-O O-O 9. Re1 Ng4 10. Be2 Qd7 11. Bxg4 Qxg4 12. Qxg4 Bxg4 13. h3 Be6 14. Bf4
Rfe8 15. e5 dxe5 16. Bxe5 Rac8 17. Bd4 c5 18. Be3 Rb8 19. b3 Bf6 20. Bd2 c6 21.
Rab1 a5 22. Na4 Be7 23. Bxa5 Ra8 24. Bd2 Rab8 25. Be3 c4 26. bxc4 Bxc4 27. Rxb8
Rxb8 28. Bc5 Bxc5 29. Nxc5 Bxa2 30. Kh2 h6 31. g4 Rb2 32. Re8+ Kh7 33. Rc8 Bd5
34. Rd8 Rxc2 35. Kg3 Rxc5 36. f4 Rc3+ 37. Kh2 Rc2+ 38. Kg3 Rg2+ 39. Kh4 Bf3 40.
Rd5 Bxd5 41. Kh5 Rh2 42. h4 g6# 0-1

[Event "Paulin"]
[Site "Skype"]
[Date "????.??.??"]
[Round "4.24"]
[White "Huerta Lopez, Cesar Rogelio"]
[Black "Huerta Lopez, Fouques Duparc"]
[Result "0-1"]
[WhiteElo "1097"]
[BlackElo "1207"]
[PlyCount "154"]

1. e4 Nf6 2. Nc3 e5 3. Nf3 Nc6 4. Be2 Bc5 5. h3 O-O 6. O-O d5 7. d3 d4 8. Na4
Be7 9. c3 dxc3 10. Nxc3 Ne8 11. Be3 Kh8 12. d4 exd4 13. Bxd4 Nxd4 14. Nxd4 Bf6
15. Nd5 Nd6 16. Bf3 c6 17. Nxf6 Qxf6 18. Re1 Re8 19. Rc1 Re5 20. Nb3 Qe7 21.
Rc2 f5 22. Nc5 f4 23. Nd3 Ra5 24. Nxf4 Nf7 25. a3 Qg5 26. Qd2 Ne5 27. Qe3 Bd7
28. b4 Nxf3+ 29. Qxf3 Re5 30. Nd3 Re7 31. Rc5 Qg6 32. Nf4 Qe8 33. Qh5 Rxe4 34.
Qxe8+ Raxe8 35. Rd1 Re1+ 36. Rxe1 Rxe1+ 37. Kh2 h6 38. Rh5 Kh7 39. Rc5 Ra1 40.
Ra5 a6 41. Nd3 Bc8 42. Re5 Rxa3 43. Re3 Bf5 44. Nf4 Rxe3 45. fxe3 c5 46. bxc5
a5 47. Ne2 a4 48. Nc3 a3 49. g4 Be6 50. e4 a2 51. Nxa2 Bxa2 52. Kg3 Kg6 53. Kf4
Kf6 54. e5+ Ke6 55. h4 g6 56. Ke4 Bd5+ 57. Kf4 g5+ 58. hxg5 hxg5+ 59. Kxg5 Kxe5
60. Kh6 Kd4 61. g5 Kxc5 62. g6 b5 63. g7 b4 64. g8=Q Bxg8 65. Kg7 Ba2 66. Kf6
b3 67. Ke5 b2 68. Kf4 b1=Q 69. Ke5 Qd1 70. Kf4 Qd4+ 71. Kg3 Kd5 72. Kf3 Ke5 73.
Kg3 Qe4 74. Kf2 Kf4 75. Kg1 Qe2 76. Kh1 Kg3 77. Kg1 Qg2# 0-1

[Event "Tournoi Skype 030B"]
[Site "Skype"]
[Date "????.??.??"]
[Round "4.25"]
[White "Mfengu, Daluthando"]
[Black "Alarcon Alarcon, Marina"]
[Result "1-0"]
[WhiteElo "1000"]
[BlackElo "1202"]
[PlyCount "71"]

1. d4 Nf6 2. c4 d5 3. cxd5 Nxd5 4. e4 Nb6 5. Nc3 e6 6. Bf4 Bb4 7. Qd2 c5 8.
Bb5+ Bd7 9. Bxd7+ Qxd7 10. a3 Bxc3 11. bxc3 cxd4 12. Qxd4 Qxd4 13. cxd4 N8d7
14. Nf3 O-O 15. O-O Rac8 16. a4 Nf6 17. a5 Na8 18. e5 Nd5 19. Bd2 Rc2 20. Rfb1
Rc7 21. Ra4 Rfc8 22. g4 Kf8 23. Kg2 Ke8 24. Ng5 h6 25. Ne4 b6 26. Nd6+ Kd7 27.
Nxc8 Rxc8 28. axb6 axb6 29. Ra7+ Nac7 30. f4 g5 31. fxg5 hxg5 32. Bxg5 Nc3 33.
Rxb6 N3d5 34. Bf4 Nf6 35. Bd2 Ke8 36. g5 1-0

[Event "Tournoi Skype 030B"]
[Site "Skype"]
[Date "????.??.??"]
[Round "4.26"]
[White "Milanese, Serge"]
[Black "Pirola, Gabriele"]
[Result "0-1"]
[WhiteElo "1202"]
[BlackElo "1000"]
[PlyCount "60"]

1. d4 d5 2. Bf4 Nf6 3. e3 e6 4. Nf3 Be7 5. Nbd2 O-O 6. Be2 Nbd7 7. Ne5 Bd6 8.
Nxd7 Qxd7 9. Bg3 c5 10. c3 cxd4 11. exd4 Re8 12. f4 h6 13. h4 b6 14. Qc2 a5 15.
a4 Qc7 16. O-O Ba6 17. Bxa6 Rxa6 18. Qd3 Raa8 19. Qe2 Rab8 20. Nb1 Qc4 21. Qxc4
dxc4 22. Nd2 b5 23. Rf3 Rec8 24. Re3 b4 25. Ne4 Nxe4 26. Rxe4 bxc3 27. Rc1 Rxb2
28. Rxc3 Rb4 29. d5 exd5 30. Rd4 Bc5 0-1

[Event "Tournoi Skype 030B"]
[Site "Skype"]
[Date "????.??.??"]
[Round "4.27"]
[White "Quiel, Aristoteles"]
[Black "Schnell, Nicolas"]
[Result "1-0"]
[WhiteElo "1196"]
[BlackElo "1000"]
[PlyCount "85"]

1. Nf3 Nc6 2. d4 e6 3. c4 Bd6 4. e4 Bb4+ 5. Nc3 Nf6 6. a3 Ba5 7. b4 Nxb4 8.
axb4 Bxb4 9. Bd2 Be7 10. e5 Ng8 11. d5 d6 12. Bf4 exd5 13. cxd5 Bf8 14. Bc4 Ne7
15. Bg5 Qd7 16. Bb5 c6 17. dxc6 bxc6 18. Bc4 d5 19. Bb3 Qf5 20. Bc2 Qf4 21.
Bxf4 Be6 22. Ba4 Rb8 23. Bxc6+ Nxc6 24. O-O Rc8 25. Qa4 Bb4 26. Nb5 Bc5 27.
Nd6+ Bxd6 28. exd6 O-O 29. Rfe1 Bd7 30. Bg5 Be6 31. Rac1 Bd7 32. Qa3 Rfe8 33.
Rxe8+ Rxe8 34. Re1 Be6 35. Qa4 Rc8 36. Nd4 Nxd4 37. Qxd4 Rc7 38. dxc7 f6 39.
Bf4 g5 40. Rxe6 gxf4 41. Qxf6 h5 42. Re7 h4 43. Qg7# 1-0

[Event "Tournoi Skype 030B"]
[Site "Skype"]
[Date "????.??.??"]
[Round "4.28"]
[White "Kumbhar, Ashok"]
[Black "Khatanhar, Mohit"]
[Result "1-0"]
[WhiteElo "1018"]
[BlackElo "1180"]
[PlyCount "39"]

1. e4 e5 2. Nf3 Nc6 3. Bb5 Nge7 4. d3 h6 5. Nc3 d6 6. h3 Bd7 7. Be3 Ng6 8. Qd2
a6 9. Bc4 Be7 10. a3 O-O 11. Bxh6 gxh6 12. Qxh6 Qc8 13. O-O-O Be6 14. Nd5 Bxd5
15. Bxd5 Qd8 16. h4 Nd4 17. Ng5 Bxg5+ 18. hxg5 Re8 19. Qh7+ Kf8 20. Qxf7# 1-0

[Event "Tournoi Skype 030B"]
[Site "Skype"]
[Date "????.??.??"]
[Round "4.29"]
[White "Salvi, Angele"]
[Black "Llabres, Sergio"]
[Result "0-1"]
[WhiteElo "1000"]
[BlackElo "1176"]
[PlyCount "66"]

1. e4 c6 2. Nc3 d5 3. exd5 cxd5 4. d4 a6 5. Be3 Nf6 6. Be2 Bf5 7. Nf3 h6 8. Qd2
e6 9. a3 Bd6 10. O-O-O Nbd7 11. h3 Nb6 12. g4 Be4 13. Rhg1 Bxf3 14. Bxf3 Nc4
15. Bf4 Nxd2 16. Bxd2 b5 17. Na2 a5 18. Rge1 b4 19. axb4 axb4 20. Nxb4 O-O 21.
Kb1 Qa5 22. c3 Bxb4 23. cxb4 Qa2+ 24. Kc2 Rfc8+ 25. Bc3 Qa4+ 26. Kd3 Qb3 27.
Kd2 Ra2 28. Rb1 Qxc3+ 29. Ke2 Rxb2+ 30. Rxb2 Qxb2+ 31. Kf1 Qxd4 32. b5 Rc2 33.
Be2 Ne4 0-1

[Event "Tournoi Skype 030B"]
[Site "Skype"]
[Date "????.??.??"]
[Round "4.30"]
[White "Luna Perez Vico, Lorenzo"]
[Black "Resende, Paulo"]
[Result "0-1"]
[WhiteElo "1341"]
[BlackElo "1000"]
[PlyCount "102"]

1. e4 e5 2. Nf3 Nc6 3. Bc4 Nf6 4. Nc3 Be7 5. O-O O-O 6. Re1 d6 7. Nd5 Bg4 8.
Nxe7+ Qxe7 9. c3 Rfe8 10. h3 Bh5 11. d3 h6 12. Be3 a6 13. a4 Rad8 14. b4 d5 15.
exd5 Nxd5 16. Bxd5 Rxd5 17. Bc5 Qf6 18. c4 Rdd8 19. a5 Bxf3 20. gxf3 Qg6+ 21.
Kh2 Qxd3 22. Qxd3 Rxd3 23. Kg2 f6 24. b5 axb5 25. cxb5 Nd4 26. Bxd4 Rxd4 27.
Rec1 Rb4 28. Rc5 Ra8 29. Rd5 Rd4 30. Rxd4 exd4 31. Kf1 Kf7 32. a6 bxa6 33. Rxa6
Rb8 34. Ra7 Rxb5 35. Rxc7+ Kg6 36. Rd7 Rb4 37. Rd5 f5 38. Rd6+ Kh5 39. Kg2 f4
40. Rd5+ Kg6 41. h4 Kf6 42. Kh3 Ke6 43. Rd8 Ke5 44. Kg2 Rb3 45. Re8+ Kd5 46.
Rd8+ Kc4 47. Rc8+ Kb4 48. Rb8+ Kc3 49. Rxb3+ Kxb3 50. Kf1 d3 51. Ke1 Kc2 0-1

[Event "Tournoi Skype 030B"]
[Site "Skype"]
[Date "????.??.??"]
[Round "4.31"]
[White "Guillaume, Mickael"]
[Black "Vincent, Andre"]
[Result "1-0"]
[WhiteElo "1106"]
[BlackElo "1332"]
[PlyCount "63"]

1. e4 c5 2. c4 Nc6 3. Nf3 d6 4. Be2 Nf6 5. Nc3 g6 6. d3 Bg7 7. Bf4 O-O 8. Qd2
e5 9. Bh6 Re8 10. O-O Bg4 11. Bxg7 Bxf3 12. Bxf3 Kxg7 13. Ne2 Ng8 14. Qc3 Qb6
15. a3 a5 16. Kh1 a4 17. g3 Nge7 18. Bg2 Qa5 19. f4 Qxc3 20. bxc3 f5 21. fxe5
dxe5 22. Rab1 Na5 23. Rb5 Rec8 24. exf5 gxf5 25. Bxb7 Nxb7 26. Rxb7 Kf6 27. g4
f4 28. Ng3 Ke6 29. Ne4 h6 30. h4 Rab8 31. Rxb8 Rxb8 32. Nxc5+ 1-0

[Event "Tournoi Skype 030B"]
[Site "Skype"]
[Date "????.??.??"]
[Round "4.32"]
[White "Gomez Zuluaga, Jorge Adiel"]
[Black "Vervoort, Jean-Louis"]
[Result "1-0"]
[WhiteElo "1079"]
[BlackElo "1273"]
[PlyCount "93"]

1. d4 d5 2. Bf4 Nf6 3. h3 Nc6 4. e3 Bf5 5. c3 e6 6. Nd2 Bd6 7. g3 O-O 8. Bg2
Bxf4 9. gxf4 Ne7 10. Ngf3 c6 11. Ne5 Nd7 12. Qe2 Nxe5 13. dxe5 Qb6 14. Nf3 h6
15. O-O Rfd8 16. Rfc1 Rd7 17. b3 Rad8 18. Qb2 c5 19. a4 Nc6 20. Bf1 d4 21. cxd4
cxd4 22. exd4 Nxd4 23. Bg2 Nxb3 24. a5 Qb4 25. Nh4 Rd4 26. Nxf5 exf5 27. Rc7
Nxa1 28. Rxb7 Qxb2 29. Rxb2 Rd1+ 30. Kh2 R8d2 31. Rb8+ Kh7 32. Kg3 Nc2 33. Rb7
Rd3+ 34. Kh4 Rg1 35. Bc6 Ne1 36. Rxf7 Ng2+ 37. Bxg2 Rxg2 38. Rxf5 Rh2 39. e6
Rdxh3+ 40. Kg4 Rh4+ 41. Kg3 R2h3+ 42. Kg2 Rh5 43. Rf7 R3h4 44. e7 Rg5+ 45. Kf3
Rh3+ 46. Ke2 Re5+ 47. fxe5 1-0

[Event "Tournoi Skype 030B"]
[Site "Skype"]
[Date "????.??.??"]
[Round "4.33"]
[White "Latterra, Jeremias"]
[Black "Sanchez Padilla, Armando Edilber"]
[Result "0-1"]
[WhiteElo "1006"]
[BlackElo "1225"]
[PlyCount "74"]

1. d4 Nf6 2. Nf3 d6 3. e3 Bg4 4. Nbd2 e5 5. c3 e4 6. Bb5+ c6 7. Bc4 exf3 8.
Nxf3 d5 9. Bd3 Bd6 10. h3 Bh5 11. g4 Bg6 12. g5 Ne4 13. Rg1 Bh5 14. Be2 g6 15.
Nd2 Nxg5 16. Bxh5 gxh5 17. Qxh5 h6 18. h4 Nh3 19. Rg7 Qf6 20. Rg2 Nxf2 21. Rxf2
Bg3 22. Qe5+ Bxe5 23. Rxf6 Bxf6 24. h5 Nd7 25. e4 Bh4+ 26. Ke2 dxe4 27. Nxe4
O-O-O 28. Nd6+ Kb8 29. Bf4 Ka8 30. Kd3 Rh7 31. b4 Nf8 32. Kc4 Ne6 33. Be5 f6
34. d5 cxd5+ 35. Kxd5 Nc7+ 36. Kd4 fxe5+ 37. Kxe5 Bg3+ 0-1

[Event "Tournoi Skype 030B"]
[Site "Skype"]
[Date "????.??.??"]
[Round "4.34"]
[White "Malbec, Robert"]
[Black "Bustos, Elias Ezequiel"]
[Result "0-1"]
[WhiteElo "1223"]
[BlackElo "1000"]
[PlyCount "56"]

1. e4 e6 2. d4 d5 3. Nc3 c5 4. Nf3 Nc6 5. Be3 Qb6 6. b3 a5 7. Bb5 Bd7 8. Bxc6
Bxc6 9. e5 a4 10. O-O Nh6 11. Bxh6 gxh6 12. Ne2 h5 13. Qd2 Be7 14. Qg5 Bxg5 15.
Nxg5 h4 16. Nf3 h3 17. g3 h5 18. Ng5 h4 19. g4 Rg8 20. Nxh3 Rxg4+ 21. Kh1 cxd4
22. f3 Rg7 23. Rad1 axb3 24. cxb3 Rxa2 25. Rxd4 Rxe2 26. Rxh4 Rxe5 27. b4 d4
28. Rxd4 Qxd4 0-1

[Event "Tournoi Skype 030B"]
[Site "Skype"]
[Date "????.??.??"]
[Round "4.35"]
[White "Cassano, Mariangela"]
[Black "Colangelo, Michele"]
[Result "0-1"]
[WhiteElo "1000"]
[BlackElo "1189"]
[PlyCount "50"]

1. d4 d5 2. c3 Nf6 3. Nf3 Nc6 4. e3 a6 5. b4 e6 6. Bd3 b5 7. a3 Be7 8. Bb2 O-O
9. O-O Nd7 10. Nbd2 e5 11. Nxe5 Ndxe5 12. dxe5 Nxe5 13. Be4 dxe4 14. Nxe4 Bb7
15. Nd2 Qd5 16. e4 Qd7 17. f3 Rad8 18. c4 Qxd2 19. Qxd2 Rxd2 20. Bxe5 c6 21. c5
Bc8 22. Bf4 Rdd8 23. h4 Bxh4 24. g3 Bf6 25. Rf2 Bxa1 0-1

[Event "Tournoi Skype 030B"]
[Site "Skype"]
[Date "????.??.??"]
[Round "4.36"]
[White "Erten, Ozlem"]
[Black "Castanha, Marco"]
[Result "0-1"]
[WhiteElo "1138"]
[BlackElo "1000"]
[PlyCount "52"]

1. d4 Nf6 2. c4 e6 3. e3 d5 4. Nc3 Be7 5. Nf3 O-O 6. Bd2 Nc6 7. cxd5 exd5 8. a3
Bf5 9. Nh4 Bg4 10. Qc2 Bd6 11. Bd3 Re8 12. O-O Ne7 13. e4 dxe4 14. Nxe4 Nxe4
15. Bxe4 Ng6 16. Nxg6 fxg6 17. Qb3+ Be6 18. Bd5 Bxd5 19. Qxd5+ Kh8 20. Qb3 Qh4
21. h3 Qxd4 22. Bc3 Qf4 23. g3 Qg5 24. Kg2 Re2 25. Qf7 Qxg3+ 26. Kh1 Qh2# 0-1

[Event "Tournoi Skype 030B"]
[Site "Skype"]
[Date "????.??.??"]
[Round "4.37"]
[White "Nontsikelelo, Yvonne"]
[Black "Delgado Abate, Bryan Xavier"]
[Result "1-0"]
[WhiteElo "1000"]
[BlackElo "1109"]
[PlyCount "79"]

1. d4 Nf6 2. Nc3 g6 3. Bf4 Bg7 4. Nb5 Na6 5. e3 O-O 6. Nf3 Nd5 7. Nc3 Nxf4 8.
exf4 Nb8 9. Bc4 c6 10. d5 Bxc3+ 11. bxc3 c5 12. O-O d6 13. Re1 Bd7 14. Rb1 Qc8
15. h3 a6 16. Bb3 c4 17. Bxc4 Qxc4 18. Rxb7 Bb5 19. Rbxe7 Nd7 20. R7e4 Qxc3 21.
R4e3 Qf6 22. Qd4 Rac8 23. a4 Rc4 24. Qxf6 Nxf6 25. axb5 axb5 26. Rb3 b4 27. g3
Nxd5 28. Rd1 Rc5 29. Nd4 Re8 30. Kg2 Kg7 31. f5 h5 32. fxg6 fxg6 33. Rd2 Re4
34. Kf3 Re1 35. h4 Kf7 36. Kg2 Rc4 37. Rf3+ Nf6 38. Nb5 Ke7 39. Nxd6 Rxc2 40.
Rxc2 1-0